| 000 | 00408nam a2200169Ia 4500 | ||
|---|---|---|---|
| 008 | 230524s9999 xx 000 0 und d | ||
| 082 |
_a621.3821 _bBEH |
||
| 100 | _aArthur R.Bergen | ||
| 245 | 0 | _aPower Systems Analysis | |
| 250 | _a2ND | ||
| 260 |
_aSINGAPORE _bPearson _c2003 |
||
| 300 | _aVII;509+8 | ||
| 500 | _aQuantity Number: 3 | ||
| 650 | _aElectrical | ||
| 700 | _a Vijay Viltal | ||
| 942 | _cBK | ||
| 999 |
_c20397 _d20397 |
||